Arbolino (poemas)

Uloženo v:
Podrobná bibliografie
Hlavní autor: Candanedo de Zúñiga, Sydia
Médium: Kniha
Jazyk:Undetermined
Vydáno: Panamá, Panamá [s.n.] 1987
Témata:
Tagy: Přidat tag
Žádné tagy, Buďte první, kdo vytvoří štítek k tomuto záznamu!

MARC

LEADER 00000nam a2200000Ia 4500
008 170316s9999 xx 000 0 und d
040 |a cru BVZT 
090 |a 860 C-8.1a 
100 |a Candanedo de Zúñiga, Sydia 
245 |a Arbolino (poemas) 
260 |a Panamá, Panamá 
260 |b [s.n.] 
260 |c 1987 
300 |a 99 páginas 
650 |a LITERATURA LATINOAMERICANA 
999 |c 8577  |d 8577 
942 |c 15 D  |h 860 C-8.1a  |2 z